000
00322nam a22001457a 4500
008
210224b ||||| |||| 00| 0 eng d
020
_a
9781585037742
041
_a
eng
080
_a
621
082
_a
621
100
_a
26
101
_a
MEK
245
_a
Beginners Guide to SolidWorks 2013
_c
Reyes, A
942
_2
udc
_c
BK
999
_c
55155
_d
55155